| 000 | 00621nam a2200205Ii 4500 | ||
|---|---|---|---|
| 001 | 12927 | ||
| 003 | CO-ViMGA | ||
| 008 | 241108s9999||||xx |||||||||||||| ||und|| | ||
| 040 |
_aCO-ViMGA _bspa _erda _cCO-ViMGA |
||
| 041 | 0 | _aspa | |
| 084 | _aN HES1 | ||
| 100 | 1 |
_aHermann Hesse _947821 |
|
| 245 | 1 | 0 | _aEl Lobo estepario |
| 264 | 1 | _a[Lugar de publicación no identificado] : Reflexión, [Fecha de publicación no identificada] | |
| 300 | _avolumen | ||
| 336 |
_atext _btxt _2rdacontent |
||
| 337 |
_aunmediated _bn _2rdamedia |
||
| 338 |
_avolume _bnc _2rdacarrier |
||
| 940 | _aidficha_siabuc: 12634. -- ficha_no_siabuc:12927 | ||
| 999 |
_c42436 _d42436 |
||